| 000 | 01178nam a2200253Ia 4500 | ||
|---|---|---|---|
| 999 |
_c55859 _d55859 |
||
| 001 | 22956 | ||
| 003 | GE_BSU | ||
| 005 | 20230612111707.0 | ||
| 008 | 181216s ||||ge |||||||||||||| ||geo|| | ||
| 040 | _cGE_BSU | ||
| 041 | _ageo | ||
| 080 | _a821.353.1.09 კ-79 | ||
| 100 |
_aკოტეტიშვილი, ვახტანგ _918626 |
||
| 245 |
_aრჩეული ნაწერები წ. 2. : _b წერილები / _cვახტანგ კოტეტიშვილი ; რედ. დ. გამეზარდაშვილი. |
||
| 264 |
_aთბილისი : _bსაბჭ. საქართველო, _c1967. |
||
| 300 |
_a570 გვ. ; _c22 სმ. |
||
| 541 | _h3ლ. 30 სმ. | ||
| 653 | _aლიტერატურის ისტორია და კრიტიკა | ||
| 653 | _aქართული ლიტერატურა | ||
| 653 | _aრჩეული ნაწერები წ. 2. წერილები | ||
| 653 | _aქართული ლიტერატურა | ||
| 700 |
_aგამეზარდაშვილი, დ. _eრედაქტორი _94468 |
||
| 942 |
_cBK _2udc |
||